| 000 | 006320000a22002170004500 | ||
|---|---|---|---|
| 020 | _a958-602-134-3 | ||
| 041 | 0 | _aSPA | |
| 082 | 0 | 4 | _aG 658 T747m |
| 100 | 1 | _aTownsend, Robert | |
| 245 | 1 | 0 | _aMás arriba en la organización / Robert Townsend ; Diorki traductores, Traductor |
| 260 | _aBogotá : Círculo de Lectores | ||
| 300 | _a238 Pág. | ||
| 440 | 0 | _aBiblioteca de la administración | |
| 500 | _aTítuo original : Up the Organization | ||
| 650 | 1 | 4 | _aADMINISTRACION |
| 001 | 14517 | ||
| 942 | _cBK | ||
| 999 |
_c43376 _d43376 |
||
| 336 |
_atexto _btxt _2rdacontent |
||
| 337 |
_2rdamedia _asin mediación _bn |
||
| 338 |
_2rdacarrier _avolumen _bnc |
||